ALAI entrevista a las ligas agrarias paraguayas
Guardado en:
| Format: | Texto |
|---|---|
| Fag: | |
| Tags: |
Tilføj Tag
Ingen Tags, Vær først til at tagge denne postø!
|
MARC
| LEADER | 00000 a a2200000 04500 | ||
|---|---|---|---|
| 001 | 18062 | ||
| 003 | |||
| 040 | |||
| 245 | |a ALAI entrevista a las ligas agrarias paraguayas | ||
| 650 | |a REFORMA AGRARIA | ||
| 650 | |a CAMPESINADO | ||
| 650 | |a DESARROLLO RURAL | ||
| 650 | |a PARAGUAY | ||
| 773 | |g volumen 5, número 23; páginas 273-274 | ||
| 999 | |c 39610 |d 39610 | ||
| 773 | 0 | |0 42391 |9 3908 |a Agencia Latinoamericana de Información, ALAI |d Quito, Ecuador: ALAI |o 04119 |t ALAI: |x 08275564 (Servicio mensual de información y documentación) | |
